| 000 | 01821cam a2200409 4500 | ||
|---|---|---|---|
| 001 | X113340 | ||
| 008 | 000000n2001 000 0 eng u | ||
| 035 | _a(Sirsi) u113340 | ||
| 100 | _aLewis, S. | ||
| 245 | _aConstruction law update | ||
| 260 | _c2001 | ||
| 490 |
_aSolicitors' Journal _v145(22) 525-526(2) |
||
| 520 | _aReviews construction issues reviewed by the courts since 1999, including adjudicators' jurisdiction. Case law. | ||
| 650 | _aMANAGEMENT-DISPUTE AVOIDANCE, MANAGEMENT AND RESOLUTION-DISPUTE MANAGEMENT AND RESOLUTION-ALTERNATIVE DISPUTE RESOLUTION-ADJUDICATION | ||
| 650 | _aMANAGEMENT-DISPUTE AVOIDANCE, MANAGEMENT AND RESOLUTION-DISPUTE MANAGEMENT AND RESOLUTION-ALTERNATIVE DISPUTE RESOLUTION-ADJUDICATION-ADJUDICATORS | ||
| 650 | _aAUSTIN HALL BUILDING LTD V BUCKLAND SECURITIES LTD | ||
| 650 | _aBLOOR CONSTRUCTION V BOWMER AND KIRKLAND | ||
| 650 | _aBOUYGUES UK LTD V DAHL-JENSEN UK LTD | ||
| 650 | _aBUILT ENVIRONMENT-BUILDING CONTRACT FORMS | ||
| 650 | _aCONSTRUCTION LAW | ||
| 650 | _aDISCAIN PROJECT SERVICES LTD V OPECPRIME DEVELOPMENT LTD | ||
| 650 | _aEDMUND NUTTALL V SEVENOAKS DC | ||
| 650 | _aJURISDICTION | ||
| 650 | _aHOUSING GRANTS CONSTRUCTION AND REGENERATION ACT 1996 | ||
| 650 | _aHUMAN RIGHTS | ||
| 650 | _aHUMAN RIGHTS ACT 1998 | ||
| 650 | _aMACOB CIVIL ENGINEERING LTD V MORRISON CONSTRUCTION LTD | ||
| 650 | _aNATURAL JUSTICE | ||
| 650 | _aNORTHERN DEVELOPMENTS (CUMBRIA) LTD V J & J NICHOL | ||
| 650 | _aPALMERS LTD V A B B POWER CONSTRUCTION LTD | ||
| 650 | _aTHE PROJECT CONSULTANCY GROUP V THE TRUSTEES OF THE GREY TRUST | ||
| 650 | _aVHE CONSTRUCTION PLC V RBSTB TRUST CO LTD | ||
| 650 | _aWITHHOLDING PAYMENT | ||
| 650 | _aWOODS HARDWICK LTD V CHILTERN AIR CONDITIONING | ||
| 690 |
_aDispute resolution _96236 |
||
| 942 | _n0 | ||
| 999 |
_c67520 _d67520 |
||